[Event "Oslo op"]
[Site "Oslo"]
[Date "2018.10.02"]
[Round "3"]
[White "Johansen, Aleksander"]
[Black "Buxrud, Fredrik Berg"]
[Result "1-0"]
[WhiteElo "1536"]
[BlackElo "1187"]
[PlyCount "79"]
[EventDate "2018.09.30"]
[EventType "swiss"]
[EventRounds "10"]
[EventCountry "NOR"]
[SourceTitle "EXT 2020"]
[Source "ChessBase"]
[SourceDate "2019.10.17"]
[SourceVersion "1"]
[SourceVersionDate "2019.10.17"]
[SourceQuality "1"]

1. d4 d5 2. c4 e6 3. Nc3 Nf6 4. Nf3 Bb4 5. Bg5 h6 6. Bh4 Nbd7 7. Qc2 b6 8. cxd5 exd5 9. a3 Bxc3+ 10. Qxc3 0-0 11. e3 c5 12. Bd3 Bb7 13. 0-0 Rc8 14. Rac1 Qe7 15. Rfe1 cxd4 16. Qxd4 Rxc1 17. Rxc1 Rc8 18. Rxc8+ Bxc8 19. Qc3 Qe8 20. Qc7 Nc5 21. Bf1 Qd7 22. Qe5 Qe6 23. Bxf6 gxf6 24. Qb8 Qd7 25. b4 Qb7 26. Qg3+ Kh7 27. bxc5 bxc5 28. Qd6 Be6 29. Qxc5 Qd7 30. Bd3+ Kg7 31. Nd4 f5 32. Nxe6+ fxe6 33. g3 Qa4 34. Qe7+ Kh8 35. Qf6+ Kh7 36. Qf7+ Kh8 37. Qxe6 Qd1+ 38. Bf1 d4 39. Qxh6+ Kg8 40. Qg6+ 1-0

[Event "Oslo op"]
[Site "Oslo"]
[Date "2018.10.02"]
[Round "4"]
[White "Svergina, Sofya"]
[Black "Johansen, Aleksander"]
[Result "1-0"]
[WhiteElo "1671"]
[BlackElo "1536"]
[PlyCount "113"]
[EventDate "2018.09.30"]
[EventType "swiss"]
[EventRounds "10"]
[EventCountry "NOR"]
[SourceTitle "EXT 2020"]
[Source "ChessBase"]
[SourceDate "2019.10.17"]
[SourceVersion "1"]
[SourceVersionDate "2019.10.17"]
[SourceQuality "1"]

1. e4 c5 2. Nf3 d6 3. d4 Nf6 4. Nc3 cxd4 5. Nxd4 Nc6 6. f3 Bd7 7. Be3 e5 8. Nb3 Be7 9. Qd2 a5 10. Bb5 Nb4 11. a3 Na6 12. Bxd7+ Nxd7 13. Nb5 a4 14. Na5 Nac5 15. Nc4 0-0 16. Nbxd6 Qc7 17. Nf5 Nf6 18. Nxe7+ Qxe7 19. Qd6 Qxd6 20. Nxd6 Ne6 21. 0-0-0 Rfb8 22. g4 b5 23. c3 h6 24. Nf5 Nh7 25. Ne7+ Kh8 26. Nc6 Rb7 27. Nxe5 Rc8 28. Kb1 Nhg5 29. h4 Nh7 30. Rd2 Nhf8 31. Rhd1 f6 32. Nd7 Ng6 33. h5 Nh4 34. f4 Nf3 35. Rf2 Rd8 36. Rxf3 Rbxd7 37. Rxd7 Rxd7 38. Kc2 Nd8 39. Bc5 Nc6 40. Rd3 Rb7 41. Rd6 Na5 42. Rb6 Rxb6 43. Bxb6 Nc4 44. Bc5 Kg8 45. b3 axb3+ 46. Kxb3 Nd2+ 47. Kb4 Nxe4 48. Bd4 f5 49. gxf5 Nd6 50. Bc5 Nxf5 51. Kxb5 Ng3 52. a4 Nxh5 53. a5 Nxf4 54. a6 Nd5 55. a7 g5 56. a8Q+ Kh7 57. Qxd5 1-0